<?xml version="1.0" encoding="UTF-8"?>
<marc:record xmlns:marc="http://www.loc.gov/MARC21/slim">
   <marc:leader>00000nam a2200000 a 4500</marc:leader>
   <marc:datafield ind1="1" ind2=" " tag="100">
      <marc:subfield code="a">Siegner, Ingo</marc:subfield>
      <marc:subfield code="4">aut</marc:subfield>
      <marc:subfield code="e">Verfasser/-in</marc:subfield>
   </marc:datafield>
   <marc:datafield ind1="0" ind2="0" tag="245">
      <marc:subfield code="a">Eliot und Isabella im Finsterwald</marc:subfield>
   </marc:datafield>
   <marc:datafield ind1="0" ind2="0" tag="245">
      <marc:subfield code="b">Roman für Kinder</marc:subfield>
   </marc:datafield>
   <marc:datafield ind1="0" ind2="0" tag="245">
      <marc:subfield code="c">Ingo Siegner. Mit vielen Bildern von Ingo Siegner</marc:subfield>
   </marc:datafield>
   <marc:datafield ind1=" " ind2="1" tag="264">
      <marc:subfield code="a">Weinheim</marc:subfield>
      <marc:subfield code="b">Beltz &amp; Gelberg</marc:subfield>
      <marc:subfield code="c">2016</marc:subfield>
   </marc:datafield>
   <marc:datafield ind1="1" ind2=" " tag="520">
      <marc:subfield code="a">Eine kleine Ratte kämpft sich mit Gedichten durch. (ab 8) (JE) Eliot ist nicht nur ein Rattenkind, sondern auch eine Leseratte. Er entstammt einer Künstlerfamilie, denn sein Vater ist Schriftsteller, seine Mutter Malerin. Kein Wunder, dass auch Eliot Gedichte verfasst. Das Rattenmädchen Isabella ist seine beste Freundin und mit ihr will er die Ferien verbringen. Schon am ersten Ferientag erreicht sie ein seltsames Telegramm von Opa Pucki. Er könne diesmal nicht am Waldfest teilnehmen, weil er in argen Schwierigkeiten stecke. Welche Schwierigkeiten? Da stimmt doch etwas nicht! Eliot und Isabella machen sich gleich auf den Weg zu Opa Pucki, doch der wohnt in einem anderen Wald, der Weg dorthin ist weit. Außerdem gibt es da noch Bocki Bockwurst und seine Bande, die sich Gemeinheiten ausdenken. Da sind Eliots Gedichte manchmal die besten Waffen. Bunte Illustrationen lockern die Seiten auf, das Buch eignet sich zum Vorlesen ab 5 und für Erstleser ab 8.</marc:subfield>
   </marc:datafield>
   <marc:datafield ind1=" " ind2=" " tag="020">
      <marc:subfield code="a">9783407821614</marc:subfield>
      <marc:subfield code="9">9783407821614</marc:subfield>
   </marc:datafield>
   <marc:datafield ind1=" " ind2=" " tag="020">
      <marc:subfield code="a">3407821611</marc:subfield>
      <marc:subfield code="9">3407821611</marc:subfield>
   </marc:datafield>
   <marc:datafield ind1=" " ind2=" " tag="300">
      <marc:subfield code="a">135 S. : Ill. (farb.)</marc:subfield>
   </marc:datafield>
</marc:record>
